Integration of disaster risk reduction and climate change adaptation / Mitigation in Pakistan (DM) (Record no. 553847)
[ view plain ]
| 000 -LEADER | |
|---|---|
| fixed length control field | 00417nam a22001337a 4500 |
| 082 ## - DEWEY DECIMAL CLASSIFICATION NUMBER | |
| Classification number | T-212 |
| -- | Thesis |
| 100 ## - MAIN ENTRY--PERSONAL NAME | |
| Personal name | Muhammad Iqbal Javed Akhter |
| 9 (RLIN) | 51096 |
| 245 ## - TITLE STATEMENT | |
| Title | Integration of disaster risk reduction and climate change adaptation / Mitigation in Pakistan (DM) |
| 260 ## - PUBLICATION, DISTRIBUTION, ETC. | |
| Place of publication, distribution, etc. | Risalpur, |
| Name of publisher, distributor, etc. | MCE, |
| Date of publication, distribution, etc. | 2017 |
| 300 ## - PHYSICAL DESCRIPTION | |
| Extent | 103p. |
| 526 ## - STUDY PROGRAM INFORMATION NOTE | |
| Program name | 0 |
| Interest level | 0 |
| Reading level | 0 |
| Title point value | T_212_T212 |
| 700 ## - ADDED ENTRY--PERSONAL NAME | |
| Personal name | Dr Muhammad Irfan |
| 9 (RLIN) | 17128 |
| 942 ## - ADDED ENTRY ELEMENTS (KOHA) | |
| Source of classification or shelving scheme | |
| Koha item type | Book |
| Withdrawn status | Lost status | Source of classification or shelving scheme | Damaged status | Not for loan | Permanent Location | Current Location | Date acquired | Total Checkouts | Full call number | Barcode | Date last seen | Price effective from | Koha item type |
|---|---|---|---|---|---|---|---|---|---|---|---|---|---|
| Military College of Engineering (MCE) | Military College of Engineering (MCE) | 04/26/2017 | T-212 T-212 | MCE-T-212 | 04/26/2017 | 04/26/2017 | Book |
